Definición de tipos de pasos peatonales

Define los criterios para determinar un paso peatonal, determinar el método estadísticos más adecuados para la instalación de un paso peatonal, proporciona mayor seguridad al peatón mediante la utilización de pasos peatonales.

Bibliographic Details
Main Authors: Meza Romero, Hugo, Grijalva Silva, Enrique
Other Authors: Tutor: Morales Urbina, Israel
Format: Tesis Section = Libro
Language:Undetermined
Spanish
Published: Managua UNI 1995
Subjects:
LEADER 00874nam a2200229Ia 4500
008 240830s9999 xx 000 0 und d
040 |a BIBLIOTECA-RUPAP Mon 388.41 M617 
041 |a spa 
082 |a Mon 388.41 M617 
100 1 |a Meza Romero, Hugo 
100 1 |b Grijalva Silva, Enrique 
245 1 0 |a Definición de tipos de pasos peatonales 
260 |a Managua  |b UNI  |c 1995 
300 |a 116 p. :il. 
502 |a Tesis (Ingeniero Civil)- UNI, 1995. 
520 3 |a Define los criterios para determinar un paso peatonal, determinar el método estadísticos más adecuados para la instalación de un paso peatonal, proporciona mayor seguridad al peatón mediante la utilización de pasos peatonales. 
650 7 |a INGENIERIA DEL TRANSITO 
650 7 |b CONTROL DEL TRANSITO 
700 1 |a Tutor:  |b Morales Urbina, Israel 
942 |c BK  |2 ddc 
991 |a TESIS 
999 |c 15622